[Event "Syre Memorial op 34th"]
[Site "Issy les Moulineaux"]
[Date "2011.06.04"]
[Round "5"]
[White "Karim, Ismael"]
[Black "Monroy, Charles"]
[Result "1/2-1/2"]
[WhiteElo "2389"]
[BlackElo "2428"]
[Annotator "Primel,D"]
[PlyCount "52"]
[EventDate "2011.06.03"]
[EventType "swiss"]
[EventRounds "6"]
[EventCountry "FRA"]
[SourceTitle "EXT 2012"]
[Source "ChessBase"]
[SourceDate "2011.11.24"]
[SourceVersion "1"]
[SourceVersionDate "2011.11.24"]
[SourceQuality "1"]

1. e4 c5 2. Nf3 e6 3. d4 cxd4 4. Nxd4 a6 5. c4 Nf6 6. Nc3 Qc7 (6... d6 $143 {
Karim,I (2389)-Gravier,L (2086) Syre Memorial op 34th 2011 (2.5) 1-0}) 7. a3 {
[%cal Gb2b4] Evite le clouage Bb4 tout en préparant l'expansion а l'aile-dame
par la poussée b2b4 mais avec ce coup, les Blancs se privent de la possibilité
du plan a4a5} (7. Bd3 $143 Nc6 $11 8. Nxc6 dxc6 9. O-O e5 {[%csl Gd4]} 10. h3 (
10. Na4 $6 Be6 11. c5 Be7 12. Qc2 O-O 13. f3 Rad8 14. Be3 Nh5 {[%cal Gh5f4]}
15. Rfd1 Nf4 $15 {Bryzgalin,K (2480)-Primel,D (2113) Champions Challenge 106th
blitz 2005 (1.1) 1-0})) (7. Be2 Bb4 $11 {[%cal Gf6e4]}) 7... b6 {[%csl Re4]
[%cal Gc8b7]} (7... Nc6 $143 {Souvent une mauvaise case pour le N dans une
structure hérisson}) (7... Nxe4 $5 {Les Noirs peuvent pêcher en eaux troubles
avec cette ligne secondaire} 8. Nxe4 Qe5 $13 {[%csl Re4][%cal Ge5e1,Gf7f5];
Moal,A (2224)-Pantsulaia,L (2595) EU-ch 12th Aix-les-Bains 2011 (1) 0-1}) (7...
d6 {Jouable mais il vaut mieux retarder cette poussée pour garder l'option de
jouer Bd6 attaquant les cases noires}) 8. Be3 {[%csl Rb6][%cal Gc3a4]} Bb7 9.
f3 {Renforce le P central mais au détriment d'un léger affaiblissement des
cases noires} d6 (9... Be7 {Une simple interversion de coups}) 10. Be2 Nbd7 11.
O-O Be7 12. b4 {[%cal Gc4c5] La suite logique de lq variante a3 pour prendre
de l'espace а l'aile-dame et préparer la percée thématique c4c5 mais
l'inconvénient est la faiblesse du Pc4 après Ne5} O-O 13. Qd2 (13. Rc1 {
La grande ligne mais c'est une simple interversion de coups}) 13... Rac8 (13...
Rfc8 $5 $146 {[%cal Gc7d8] Une nouveauté dans cet ordre de coups mais qui va
retomber sur des lignes connues} 14. Rac1 Qd8 15. Rfd1 Kh8 (15... Rab8) 16. Bf1
Rab8 17. Na4 Ba8 18. Nb2 Qg8 $1 {[%cal Gg7g5,Gg5g4] L'idée du plan original
est de lier les R et de jouer le plan Fischer mais avec la Q au lieu de la R
sur la colonne "g". La Q doit mieux défendre les faiblesses de l'aile-roi.} 19.
Nb3 g5 $132 {Balogh,C (2468)-Portisch,L (2573) Zalaegerszeg 2004 (7) 1/2}) (
13... Ne5 $5 $146 {[%csl Rc4] Mériterait un essai pratique car malgré la perte
de temps, les Noirs ont un bon contre-jeu} 14. Rac1 {[%cal Gc1c7,Gc3d5]} Rfc8
$5 {[%cal Gc7d8] Continuant de jouer de manière originale car le plan habituel
est plutôt Rfe8 et Rac8,Qb8} (14... Nxc4 $4 15. Bxc4 Qxc4 16. Nd5) (14... Rac8
15. Rfd1 Rfe8 16. Bf1 Qb8 (16... h5 {[%cal Gh5h4,Gh4h3]} 17. Qf2 Nfd7 $132 (
17... h4 18. Na4 Nfd7)) 17. Na4 {[%csl Rb6]}) 15. Rfd1 Qd8 16. Na4 {[%cal
Ge2c4,Ga4b6]} Rab8 {[%cal Gb8b6]} 17. Bf1 h5 $5 {[%cal Gh5h4,Gh4h3]} 18. Qf2
Ba8 (18... h4 {[%cal Ge7h4,Gf6e4]} 19. Nb3) 19. Nb3 {[%csl Rb6]} Nfd7 (19... b5
)) 14. Rac1 Qb8 {[%cal Ge7d8,Gd8c7] En général, ce genre d'ouverture est jouée
très rapidement des deux cotés et Qb8 est jouée non seulement pour éviter le
vis-à-vis avec la Rc1 mais aussi pour évacuer la case pour un rempli Be7d8c7}
15. Rfd1 ({RR} 15. Kh1 $5 Rfe8 16. Rc2 Ba8 17. Rb1 h5 18. Nd1 Ne5 19. Rcc1 Rc7
20. Qe1 d5 21. exd5 exd5 22. c5 bxc5 23. bxc5 {1/2-1/2 Hracek,Z (2615)-Markus,
R (2618)/Rijeka 2010/CBM 136}) 15... Rfe8 $1 {[%csl Re3][%cal Gd6d5,Ge8e3]} (
15... Rfd8 $6 {[%csl Rd8] Une trés mauvaise case pour la R dans une structure
hérisson notamment car elle prive le B d'une case de repli et la Rd8 ne sert а
rien alors qu'en e8 après l'ouverture du centre par la percée thématique d6d5,
elle attaquera le Be3 mal défendu} 16. Bf1 $14) (15... Kh8 {[%cal Gf8g8,Gg7g5,
Gg5g4] L'autre plan est beaucoup plus risqué} 16. Nb3 Rg8 17. Qe1 g5 18. Qf2
Ba8 19. Na4 g4 (19... b5) 20. fxg4 Nxg4 21. Bxg4 Rxg4 $13) (15... Ne5 16. Na4
$14 {[%cal Ge2c4,Ga4b6]}) 16. Bf1 {[%cal Gd2f2,Ge3b6]} (16. Kh1 Bd8 17. Nb3 {
[%csl Rb6,Rd6]} Bc7 {[%cal Gc7h2,Gd6d5]} 18. Bf4 Ne5 19. Bxe5 {Un peu douteux
de donner le bon B pour pouvoir pousser c4c5} dxe5 {[%csl Gd4,Re2,Gf4]} 20. Qe3
$6 (20. c5 $142 {[%csl Gc5]} Red8 {Eljanov,P (2663)-Kudrin,S (2551) FIDE World
Cup 2005 (1.3) 1-0} (20... b5 21. a4 $1)) 20... h6 21. a4 Bd6 22. Na2 Bc7 23.
Nc3 a5 24. bxa5 bxa5 25. c5 Red8 26. Nb5 Bc6 27. Qc3 Rxd1+ 28. Rxd1 Be8 29. Rc1
Bd8 30. Nd6 Rc7 {Karim,I (2288)-Guliyev,N (2543)/Paris 2006/EXT 2007/1/2-1/2 
(56)}) (16. Nb3 $5 {[%cal Gc4c5,Ge3b6,Gc3a4]}) 16... h5 $5 {[%cal Gh5h4,Gh4h3]
Une nouveauté jouée quelques semaines auparavant!} (16... Bd8 {[%cal Gd8c7,
Gd6h2] La grande ligne} 17. Nb3 (17. Kh1 Bc7 18. Bg1 {[%cal Gg1h2]} (18. Nde2 {
[%csl Rd6]} Ne5 $132 {[%csl Rc4]}) 18... d5 $1 19. cxd5 Bf4 20. Be3 Bxe3 21.
Qxe3 exd5 22. Nf5 dxe4 {Sheremetieva,M (2285)-Chiburdanidze,M (2505) Moscow ol
(Women) 1994 (8) 0-1} (22... g6 $142 23. Qg5 Re5 $15 {Shipov})) 17... Bc7 {
[%cal Gd6d5,Gc7h2]} 18. g3 (18. Kh1 $5) 18... Ne5 {[%csl Rf3][%cal Ge5c4,Ge5f3]
}) 17. Qf2 $5 $146 {[%cal Ge3b6,Gf2h4] La partie précédente s'était soldée par
une nulle rapide au 17ème coup avec h3 qui affaiblit les cases noires mais en
ayant le mérite de stopper l'attaque du P"h" tout en surcontrolant la case "g4"
} (17. h3 $5 {[%csl Rg3,Gg4,Rh4];Hera,I (2565)-Markus,R (2625) Skopje Karposh
op 2011 (9) 1/2}) 17... Bd8 (17... h4 {[%cal Ge7h4,Gf6e4]} 18. Na4 {[%csl Rb6]}
Bd8 19. Nb3 Ba8 20. Bf4 {[%csl Rd6]} (20. Bg5 $2 {[%cal Gg5h4]} Nxe4) 20... Ne5
21. c5 $1) (17... Ne5 $5 {[%csl Rc4]} 18. Na4 {[%cal Gf1c4,Ga4b6]} Bd8 19. Nb3
d5 $1 $132) 18. Nb3 {[%csl Rb6]} Bc7 {[%cal Gd6d5,Gc7h2]} (18... Ba8) 19. Bf4
Red8 $6 {[%csl Rd8]} (19... Ne5 $142 $5 20. Bxe5 dxe5 21. c5 bxc5 22. Nxc5 Bb6
$1 {[%csl Rf2,Rg1] Illustrant le danger d'échanger le bon B des Blancs}) 20.
Kh1 $1 {Ce coup phrophylactique ne vise pas а éviter un échec intermédiaire
sur la diagonale a7g1 mais plutôt la combinaison thématique d6d5 avec Bh2 qui
prendrait sur échec} Nf8 $1 {[%cal Gf8g6,Gh5h4,Gg6f4]} 21. Be2 Re8 (21... Ng6
22. Bg5) 22. Be3 d5 $1 {La percée thématique} 23. Bxb6 Bxh2 {[%csl Rh1][%cal
Gb8f4,Gf4h4]} 24. Ba7 $8 (24. cxd5 $2 Bg3 25. Qg1 Qf4 $40 {[%csl Rh1]}) 24...
Bg3 25. Bxb8 Bxf2 26. Be5 Be3 1/2-1/2

[Event "Vaujany op 5th"]
[Site "Vaujany"]
[Date "2014.07.16"]
[Round "7.1"]
[White "Kantans, Toms"]
[Black "Van Foreest, Jorden"]
[Result "1-0"]
[WhiteElo "2458"]
[BlackElo "2461"]
[Annotator "RR"]
[PlyCount "111"]
[EventDate "2014.07.10"]
[EventType "swiss"]
[EventRounds "9"]
[EventCountry "FRA"]
[SourceTitle "EXT 2017"]
[Source "ChessBase"]
[SourceDate "2016.10.25"]
[SourceVersion "1"]
[SourceVersionDate "2016.10.25"]
[SourceQuality "1"]

1. e4 c5 2. Nf3 e6 3. d4 cxd4 4. Nxd4 Nc6 5. c4 Nf6 6. Nc3 Qc7 7. Be3 a6 8. a3
{[%cal Gb2b4]} Nxd4 {Un choix discutable} (8... Ne5 9. f3 Be7 10. Rc1 O-O 11.
Be2 Ng6 12. Qd2 b6 13. b4 Bb7 14. Na4 Rfb8 15. c5 bxc5 16. Nxc5 Qd8 17. O-O Bf8
18. Rfd1 d5 19. Nxb7 Rxb7 20. Nc6 Qe8 21. e5 Rc7 22. b5 Nd7 23. Ne7+ Nxe7 24.
Rxc7 axb5 25. Bxb5 Qb8 26. Rxd7 Qxb5 27. Rc7 Ng6 28. Bd4 h6 29. h3 Rxa3 30. Rc8
Kh7 31. Qc2 Be7 32. Rc7 Kg8 33. Rb1 Qd3 34. Qxd3 Rxd3 35. Bf2 Bg5 36. Bg3 h5
37. Rb8+ Kh7 38. h4 {Dominguez Perez,L (2734)-Svidler,P (2747) St Petersburg
2012 1/2-1/2}) (8... Be7 $142 {La grande ligne} 9. Be2 O-O 10. O-O) 9. Bxd4 d6
10. Be2 Be7 11. O-O O-O 12. Rc1 b6 13. b4 Bb7 14. f3 Rfd8 (14... Rfe8 15. Qe1
Rab8 16. Qf2 Nd7 17. Na4 Ba8) 15. Qe1 $146 {[%csl Rb6][%cal Ge1f2] Par rapport
à la grande ligne de la Maroczy où les Noirs jouent Nbd7, le Pb6 est plus
faible après l'échange Nd4} (15. Qd2 Rac8 16. Rfd1 Nd7 17. Bf1 Bf8 18. Qf2
Ba8 19. Rc2 Qb8 20. Rdc1 Rc6 21. Nd1 Rdc8 22. Ne3 Ne5 23. f4 Nd7 24. Bb2 b5 25.
Bd3 bxc4 26. Nxc4 e5 27. fxe5 Nxe5 28. Nxe5 dxe5 29. Rxc6 Rxc6 30. Rxc6 Bxc6
31. Bxa6 Bxe4 32. Bc4 Bg6 33. Bb3 h5 34. h3 Kh7 35. Bxf7 Qd6 36. Bxg6+ Kxg6 37.
Qe3 Kf5 38. Bc3 Qd1+ 39. Kh2 Bd6 40. Qf3+ Qxf3 41. gxf3 e4+ 42. Kg2 exf3+ 43.
Kxf3 g5 44. a4 g4+ {Ivanchuk,V (2720)-Christiansen,L (2595) Roquebrune 1992 1/
2-1/2}) 15... Rab8 {[%cal Gb8b6]} 16. Qf2 Ba8 17. Rfd1 Nd7 18. Bf1 Re8 19. Qg3
$14 Bf8 20. Kh1 Rbc8 21. Be3 Bb7 22. Qf2 Rb8 23. Rc2 Ba8 24. Na4 Red8 25. Bf4
Bc6 26. Nc3 Ne5 27. h3 (27. Bxe5 $5 dxe5 28. Rcd2 $16 {Malgré le contrôle de
la case "d4", la position Noire est passive}) 27... Ba8 28. Na4 Be7 29. Be3 Nd7
30. Nb2 Ne5 31. Nd3 $1 {Le Ne5 est la seule pièce active des Noirs} Nxd3 32.
Bxd3 Rd7 33. Bd4 Qd8 34. Qg3 g6 35. Bf1 Bc6 36. b5 $1 {Sans N, les Noirs ne
peuvent pas profiter de l'affaiblissement de la case "c5"} axb5 37. cxb5 $36
Ba8 38. a4 d5 39. Qe5 $40 {[%cal Ge5d4,Ge5h8]} f6 40. Qxe6+ Kf8 41. e5 f5 42.
Bd3 Bg5 43. a5 $1 bxa5 44. b6 $18 Bf4 45. Ra1 Rf7 46. Rxa5 Qh4 47. Bf2 Bg3 48.
Bxg3 Qxg3 49. Qd6+ Kg7 50. Qxb8 Qe1+ 51. Kh2 Qxa5 52. e6 Rf8 53. Qd6 Qe1 54.
Rc7+ Kg8 55. b7 f4 56. Rc8 1-0

[Event "RUS-ch"]
[Site "Elista"]
[Date "1996.??.??"]
[Round "6"]
[White "Rublevsky, Sergei"]
[Black "Fominyh, Alexander"]
[Result "1-0"]
[WhiteElo "2645"]
[BlackElo "2535"]
[Annotator "Ribli,Z"]
[PlyCount "81"]
[EventDate "1996.10.15"]
[EventType "swiss"]
[EventRounds "11"]
[EventCountry "RUS"]
[SourceTitle "CBM 056"]
[Source "ChessBase"]
[SourceDate "1997.02.01"]
[SourceVersion "1"]
[SourceVersionDate "1997.02.01"]
[SourceQuality "1"]

1. e4 {Belov} c5 2. Nf3 e6 3. c4 Nc6 4. Nc3 Nf6 (4... g5 {Belov} 5. d3 h6 6.
Be3 d6 7. h3 e5 8. Nd5 Bg7 9. a3 Nge7 10. b4 b6 11. Be2 Nxd5 12. cxd5 Nd4 13.
bxc5 dxc5 14. Nd2 $14 {Rublevsky,S-Mochalov,E/Kurgan/1994/1:0/37/}) (4... e5 {
Belov} 5. d3 (5. Be2 d6 6. O-O g6 7. Nd5 Bg7 8. Rb1 Nge7 9. a3 a5 10. d3 O-O
$10 {Kengis,E-Cvitan,O/Tilburg/1994/0:1/35/}) 5... d6 6. Nd5 g6 7. b4 cxb4 8.
a3 bxa3 9. Rxa3 Bg7 10. Be3 Nd4 11. Nxd4 exd4 12. Qa1 $1 Be6 13. Bxd4 Bxd4 14.
Qxd4 $16 {Maljutin,E-Magerramov,E/Moscow op/1992/1:0/27/}) (4... Nge7 {Belov}
5. d4 cxd4 6. Nxd4 Nxd4 7. Qxd4 Nc6 8. Qe3 b6 (8... Be7 9. Be2 O-O 10. O-O Qc7
11. b3 a6 12. Bb2 b6 13. Rac1 Bc5 14. Qd2 Qb8 15. Kh1 d6 16. f4 $14 {Malakhov,
V-Epishin,V/RUS-ch/1995/0:1/60/}) 9. Be2 (9. Bd3 Ne5 10. Be2 Ba6 11. Qg3 Ng6
12. O-O Rc8 13. b3 Qh4 14. Qxh4 Nxh4 15. Be3 $14 {Rublevsky,S-Pugachev,A/
Kurgan/1994/1:0/45/}) 9... Bc5 10. Qg3 O-O 11. O-O Nd4 12. Bd3 Bb7 13. Be3 f5
$10 {Malakhov,V-Rublevsky,S/RUS-ch/1995/0,5/32/}) 5. Be2 Qc7 {Die prinzipielle
Antwort lautet hier 5...d5 (Hauptvariante).Ribli.} (5... b6 6. O-O Bb7 7. d4 $5
(7. Re1 $6 Qb8 $1 8. h3 Bd6 9. d4 cxd4 10. Nxd4 Bh2+ 11. Kh1 Nxd4 12. Qxd4 Be5
13. Qd3 O-O $15 {Ruck,R-Ribli,Z/tt_HUN 9596/}) 7... Nxd4 8. Nxd4 cxd4 9. Qxd4
Bc5 10. Qd3 Qb8 11. Be3 O-O 12. Bxc5 bxc5 13. f4 d6 14. Rad1 Rd8 15. Bf3 a6 16.
Qe3 $36 {Smirin,I-Hansen,Cu/EU-ch Rapid/EXP55/}) (5... d5 {Belov} 6. exd5 exd5
7. d4 Be6 (7... Be7 8. Be3 cxd4 9. Nxd4 Nxd4 10. Qxd4 dxc4 11. Qxd8+ Bxd8 12.
Bxc4 $14 {Ivanchuk,V-Anand,V/Manila olm/1992/0,5/43/}) 8. O-O dxc4 9. Be3 cxd4
10. Nxd4 Nxd4 11. Bxd4 Be7 (11... Qa5 12. Bxf6 gxf6 13. Re1 Rd8 14. Qc2 Be7 15.
Qe4 Qc5 16. Qxb7 $14 {Oratovsky,M-Har Zvi,R/ISR/1993/}) 12. Qa4+ Kf8 $5 (12...
Qd7 13. Qxd7+ Kxd7 14. f4 $16) 13. Bxf6 gxf6 {(Adorjan,A-Horvath,Jozsef/HUN/
1995/)} 14. Rac1 Qe8 15. Qa5 $36) 6. d4 cxd4 7. Nxd4 {Mit dieser Zugfolge
vermeidet Weiß die Variante mit sofortigem Bb4. Jetzt ist 7...Bb4 natürlich
schwach wegen 8.Nb5.Ribli.} a6 {-B41/} 8. O-O Bb4 {Wir haben eigentlich eine
Sizilianische Verteidigung auf dem Brett,Paulsen-Variante.Ribli.} 9. Bg5 $5
$146 (9. Nxc6 dxc6 10. Be3 Bxc3 11. bxc3 c5 12. Qc2 e5 13. f4 Bg4 $13 {
Cifuentes Parada,R-Lobron,E/Groningen op/1996/CBM51/}) 9... Qd6 (9... Bxc3 10.
Bxf6 Bxb2 (10... gxf6 11. bxc3 b6 (11... Ne7)) (10... Bxd4 11. Bxd4 Nxd4 12.
Qxd4 f6 13. c5 $14) 11. Bxg7 (11. Nxe6 {Belov} dxe6 12. Bxb2 O-O 13. Qd2 e5 $10
) 11... Bxa1 (11... Rg8 12. Nxe6 dxe6 13. Bxb2 $16) 12. Bxh8 Bxd4 13. Bxd4 Nxd4
14. Qxd4 (14. Qxd4 d6 15. Qh8+ Ke7 16. Qxh7 $16)) 10. Nxc6 (10. Bxf6 {Belov}
gxf6 11. Nb3 Qxd1 12. Nxd1 b6 $10) 10... Qxd1 (10... dxc6 11. Qb3 Bxc3 12. Qxc3
Nxe4 13. Qxg7) 11. Nxd1 (11. Raxd1 {Belov} Bxc3 12. bxc3 Nxe4 $16) 11... dxc6 (
11... Nxe4 {Belov} 12. Nxb4 $18) 12. e5 $14 {Ohne Damen hat Weiß die
Initiative. Schwarz hat Probleme mit der Entwicklung seines Damenflügels, sein
Bc8 hat keine Zukunft.Ribli.} Nd7 (12... Ne4 13. Be3 (13. a3 Bxa3 14. Rxa3 Nxg5
15. Rg3 h6 16. h4 Nh7 17. Rxg7) (13. Bf4 $5 Nd2 14. a3 Nxf1 15. axb4 $18) 13...
Nd2 14. Re1 $2 (14. Bxd2 $10) 14... Nf3+) 13. Bf4 Bc5 14. Re1 Bd4 15. Bf3 c5
16. Nc3 Ke7 (16... Bxc3 17. bxc3 {In diesem Fall besetzen die beiden weißen
Türme die b und d-Linie, sodaß Schwarz kaum hoffen darf, seinen Läufer
befreien zu können.Ribli.} (17. bxc3 {Belov} Rb8 18. Rab1 b6 (18... b5 19. cxb5
axb5 (19... Rxb5 20. Bc6 Rxb1 21. Rxb1 Ke7 22. Kf1 h6 23. h4 $16) 20. a4 b4 21.
cxb4 cxb4 22. Bc6 Ke7 23. Bb5 $16) 19. Bc6 Ke7 20. Bg5+ $16)) 17. Rad1 Ra7 18.
Rd2 Nb6 $6 (18... b6 19. Bc6 Bb7 (19... Nb8) 20. Bxd7 Kxd7 21. Be3 $16) (18...
b6 $5 {Belov}) 19. Be2 Bd7 (19... h6 $5 {Belov}) 20. Ne4 Bc6 (20... h6 $1 {
Belov} 21. b4 Na4 $13) 21. Bg5+ Kf8 (21... f6 22. exf6+ gxf6 23. Rxd4 $18) 22.
b4 $1 $16 h6 (22... Bxe4 23. bxc5 Bxc5 (23... h6 {Belov} 24. Rxd4 hxg5 25. cxb6
$18) 24. Rd8#) 23. Nxc5 (23. bxc5 {Belov} hxg5 24. Rxd4 Nd7 25. Nxg5 Ke7 26. f4
Nxc5 $16) 23... Bxf2+ 24. Kxf2 hxg5 25. Rd8+ Be8 26. Red1 {Weiß hat großen
positionellen Vorteil, alle schwarzen Figuren stehen schlecht.Ribli.} Rh4 (
26... Ra8 27. Nd7+ Ke7 28. Rxe8+) (26... Rxh2 27. Rb8) 27. Rb8 Ra8 (27... Nxc4
{Belov} 28. Rdd8 $18) 28. Rxa8 (28. Nd7+ Ke7 (28... Nxd7 29. Rxa8 Nxe5 (29...
Ke7 30. Ra7 {Das ist auch vorteilhaft für Weiß, aber die Partiefortsetzung
scheint mir besser.Ribli.}) 30. Rdd8) 29. Rxe8+) 28... Nxa8 29. Nxb7 Nb6 30.
Nd6 Bc6 31. Nc8 $1 (31. b5 {Belov} axb5 32. cxb5 Bd5 $16) 31... Rf4+ 32. Kg3
Nd7 (32... Nxc8 {Belov} 33. Rd8+ Ke7 34. Rxc8 Be4 35. Rc7+ Kd8 36. Ra7 $18) (
32... Nxc4 {Belov} 33. Rd8+ Be8 34. Bxc4 Rxc4 35. Nd6 $18 (35. Rxe8+ Kxe8 36.
Nd6+ Ke7 37. Nxc4 $18)) 33. b5 axb5 34. cxb5 Bd5 35. Bf3 Nc5 36. Nd6 (36. Bxd5
$2 {Belov} exd5 37. Rxd5 $4 Ne4+ 38. Kh3 Rh4#) 36... Bxa2 {Jetzt hat der
Nachziehende nur materielles Gleichgewicht erreicht. Das weiße Figurenspiel
und der b-Freibauer entscheiden die Partie.Ribli.} 37. Rc1 Nd3 (37... Nd7 $2
38. Rc8+ Ke7 39. Re8#) 38. Rc8+ Ke7 39. Rc7+ Kd8 (39... Kf8 {Belov} 40. b6 Rb4
41. b7 $18) 40. Ra7 (40. Rxf7 {Belov} Nxe5 41. Rxf4 gxf4+ 42. Kxf4 Nxf3 43.
gxf3 Kd7 $16) 40... Bd5 41. Nxf7+ {Schwarz gab auf, er verliert einen weiteren
Bauern auf g5 und behält eine hoffnungslose Stellung.Ribli.} (41. Nxf7+ {Belov}
Kc8 42. Nxg5 Rb4 43. Bxd5 exd5 44. e6 $18) 1-0

[Event "New York op"]
[Site "New York"]
[Date "1998.03.19"]
[Round "6"]
[White "Ehlvest, Jaan"]
[Black "Shaked, Tal"]
[Result "1-0"]
[WhiteElo "2610"]
[BlackElo "2535"]
[Annotator "Ribli,Z"]
[PlyCount "55"]
[EventDate "1998.03.16"]
[EventType "swiss"]
[EventRounds "9"]
[EventCountry "USA"]
[SourceTitle "CBM 064"]
[Source "ChessBase"]
[SourceDate "1998.06.02"]
[SourceVersion "1"]
[SourceVersionDate "1998.06.02"]
[SourceQuality "1"]

1. Nf3 c5 2. e4 e6 3. d4 cxd4 4. Nxd4 a6 5. c4 {Heutzutage wird dieser Zug
selten gespielt. Weiß kontrolliert zwar viel Raum, verliert jedoch Zeit. Die
Alternativen 5.Nc3 und 5.Bd3 werden häufiger angewendet. Ribli.} Nf6 6. Nc3 Bb4
7. Bd3 Nc6 8. Nde2 (8. Nc2) 8... d6 (8... Qc7 9. O-O Ng4 (9... Ne5 10. f4 Nxc4
11. Kh1 Be7 12. b3 Nb6 13. e5 Nfd5 14. Ne4 f5 15. exf6 Nxf6 {Olafsson,F-Tal,M/
JUG ct 1959/0-1 (71)}) 10. Bf4 Nge5 11. Kh1 O-O 12. Rc1 b6 13. Bb1 Bb7 14. a3
Bd6 {Quinones,O-Portisch,L/Amsterdam izt 1964/0-1 (56)}) (8... d5 $5 {Meines
Erachtens führt dieser Zug zu sofortigem Ausgleich.} 9. exd5 exd5 10. cxd5 Nxd5
11. O-O Nxc3 12. Nxc3 O-O 13. Nd5 Bd6 14. Qh5 g6 15. Qg5 Be5 16. Qxd8 Rxd8 17.
Be4 Bf5 18. Bxf5 Rxd5 19. Be4 Rb5 20. Rb1 Rd8 21. b3 {1/2-1/2 Smailbegovic,
H-Bukic,E/JUG-ch 1962}) (8... Ne5 9. a3 Be7 10. Bf4 {1/2-1/2 Somlai,L-Zemerov,
V/Budapest FS03 IM-A 1997}) (8... Bc5 $5 9. O-O (9. h3 d6 (9... d5) 10. O-O Ne5
$11) 9... Ng4 $1) 9. O-O Bd7 (9... Bc5 10. h3 h6 (10... Ne5 11. Bg5 h6 12. Bh4
Ng6 $1) 11. b3 O-O 12. Bb2 Bd7 13. Kh1 Ne5 14. Ng3 Nfg4 15. Kg1 Qh4 16. Nh1 Bc6
17. Bc2 Nf6 18. Re1 Nh5 19. Ne2 f5 20. exf5 Qg5 21. Neg3 Nxg3 {0-1 Ehlvest,
J-Ivanchuk,V/Tallinn rapid 1996}) (9... O-O) 10. h3 {Weiß bereitet den Zug 11.
f4, auf den nicht 11...Ng4 geschehen soll, vor.} (10. f4 Qb6+ (10... Bc5+ 11.
Kh1 Ng4) 11. Kh1 Ng4 {[%csl Rh1][%cal Gb6g1,Rg4f2]}) 10... Ne5 11. Bf4 (11. f4
{Wenn sich der schwarze Springer auf d3 tauschen kann, ist dieser Zug weniger
effektiv.} Nxd3 (11... Bc5+ 12. Kh1 Neg4 $2 13. hxg4 Nxg4 14. Qe1 $18) 12. Qxd3
Bc6 $11 {[%cal Gc6h1]}) 11... Bc5 (11... Nxd3 12. Qxd3 $14 {[%csl Rd6]}) 12. a3
{Weiß bereitet den späteren Vorstoß b2-b4 vor.} (12. Qd2 Rc8 (12... Bc6 $1 {
Farago,I}) 13. b3 (13. a3 $1 {/\ b4+/=}) 13... Bc6 14. Be3 O-O 15. Rad1 Bb4 16.
f4 Nxd3 17. Qxd3 b5 18. cxb5 axb5 19. Bd4 Ra8 20. Ng3 Bxc3 21. Qxc3 Nxe4 22.
Nxe4 Bxe4 23. Bxg7 Rxa2 24. Rf2 Rxf2 25. Kxf2 Qh4+ 26. g3 Qxh3 27. Bxf8 Qg2+
28. Ke1 Kxf8 29. Rxd6 {1-0 Konikowski,J-Farago,I/Dortmund-B 1988 (44)}) (12.
Bxe5 $2 {Schwarz hat starke Kontrolle über die schwarzen Felder.} dxe5 $15 {
[%csl Gc5]}) 12... Ng6 (12... O-O 13. b4 Ba7 14. Bxe5 (14. c5 $2 Nxd3 15. Qxd3
dxc5 16. Bd6 $13) 14... dxe5 15. c5 b6 $132) 13. Bh2 e5 {[%csl Yd5] Das ist
wegen des schwachen Bauern auf d6 erzwungen. Jetzt ist der Läufer auf h2
eingeschlossen, so daß Weiß f2-f4 spielen muß.} 14. Kh1 $14 O-O 15. f4 (15. Qd2
) 15... exf4 16. Nxf4 Bd4 (16... Nxf4 17. Bxf4 $14 {[%csl Rd5,Rd6][%cal Gf4g5,
Gg5d8]}) 17. Nfd5 Nxd5 18. exd5 {[%cal Gd3h7]} Bxc3 (18... Ne5 19. Bxh7+ Kxh7
20. Qxd4 $16) (18... Be5 19. Bxg6 hxg6 (19... Bxh2 20. Bxh7+ $16) 20. Bxe5 dxe5
21. c5 $36 {[%csl Gc5,Gd5]}) 19. bxc3 Ne5 $2 (19... Qc7 $5 $13 {[%csl Rc3,Rc4]
Weiß hat zwar das Läuferpaar, aber seine Bauernstellung am Damenflügel ist
schwach.}) (19... Qc7 {Bangiev} 20. Qh5 b5 21. Rf4 $1 {/\Rh4} Rfe8 22. Rxf7 $1
Kxf7 23. Qxh7 $18) 20. Bxe5 dxe5 21. Qh5 $16 {[%csl Rg8,Gh5][%cal Rh5e5,Rh5h7]}
f5 $6 (21... g6 22. Qxe5 Re8 23. Qd4 $16) (21... h6 {Bangiev} 22. Qxe5 $16) 22.
Bxf5 $1 g6 {Dieses konsequente schwarze Spiel verliert sofort.} (22... Rxf5 23.
Rxf5 g6 24. Rg5 $18) (22... Bxf5 {Bangiev} 23. Rxf5 Rxf5 24. Qxf5 Qd6 25. Re1
Re8 $16) 23. Bxg6 hxg6 24. Qxg6+ Kh8 25. Qh6+ Kg8 26. Rf3 $1 $18 {[%cal Rf3g3,
Rg3g8] Um den schwarzen König wird ein Mattnetz gestrickt. Es droht 27.Rg3 Kf7
28.Rg7 Ke8 29.Qg6.} Rxf3 27. gxf3 {[%cal Ra1g1,Rg1g8] Jetzt kommt der andere
Turm ins Spiel.} Kf7 28. Qh7+ {Aus Hilflosigkeit gegen die vielfältigen weißen
Drohungen gab Schwarz auf.} (28. Qh7+ Kf6 29. Rg1 {[%csl Rf6]} Qf8 30. Rg6+ Kf5
31. Rg8+ Kf4 32. Qe4#) 1-0